000 00718nam a2200253 i 4500
001 bg
100 1 _aKniat, Jan.
245 0 _aProgramowanie w języku C++ /
_cJan Kniat.
260 _aPoznań :
_bWydawnictwo Nakom,
_c1999.
300 _a269 s. ;
_c24 cm.
490 1 _aBiblioteka Użytkownika Mikrokomputerów,
_x0867-6011 ;
_vt. 44
504 _aBibliogr. s. 262. Indeks.
650 9 _aC ++
_xprogramowanie
655 _aPodręczniki
830 _aBiblioteka Użytkownika Mikrokomputerów,
_x0867-6011 ;
020 _a8386969326
040 _cBPK
041 0 _apol
044 _aPOL
080 _a004.438A/Z(07)
920 _a83-86969-32-6
942 _cKS
008 s pl f |000 0 pol
999 _c54099
_d54099
856 _uhttp://koha.tu.koszalin.pl/cgi-bin/koha/opac-detail.pl?biblionumber=54099
_yKatalog online BPK